00813cam a2200229 a 450000100100000000500170001000800410002702000150006804000230008308200180010610000250012424500500014926000730019930000200027249000250029249000720031758600300038965000240041965000370044383000280048083000750050800000593720200929151841.0801217s1980 sp 001 p spa d a840004620X aDO-SdBNPcDLCdDLC a861.64bC355m1 aCastrillo, Fernando.10aMás allá del barro /cFernando Castrillo. aZaragoza, España :bInstitución "Fernando el Católico",c1980. a47 p. ;c25 cm.1 a"San Jorge"vvol. 231 aPublicación de la Institución "Fernando el Católico"vno. 759 aPremio "San Jorge", 1980. 4aPoesía española 4aLiteratura españolaySIGLO XXI 0a"San Jorge" ;vvol. 23. 0aPublicación de la Institución "Fernando el Católico" ;vno. 759.